000 00786nam a22002057a 4500
005 20170705114400.0
020 _a9788121905657
_c425.00
035 _aB-668082
037 _adpl
_bTechniz
082 _a342.54
100 _aAgarwal, R.C.
245 _aConstitutional development and national movement of India :
_cby R.C. Agarwal [and] Mahesh Bhatnagar
_bfreedom movement, Act and Indian constituion /
260 _aNew Delhi
_bS. Chand
_c2016 (repr.)
270 _a7361, Ram Nagar,
_bNew Delhi
_e110055
300 _a763p.
_c25cm(pbk)
500 _aIncludes index
700 _aBhatnagar, Mahesh
942 _2ddc
_cEN
_h342.54
_mAGA
999 _c142305
_d142305